Echinokokóza ohrozuje aj človeka

Bibliographic Details
Main Authors: Rajský, Dušan, 1950- (Author), Sokol, J. (Author)
Format: Article
Language:Slovak
PhysicalDescription:Fotogr.
ISSN:1336-5568
Subjects:

MARC

LEADER 00000nab a2200000 ar4500
001 vtls009152043
003 SK-MaSNL
005 20260303231843.0
008 071022c2005 xo |||||||||||000 b|slo
015 |a SNBRB2007/10  |2 snkbucl 
038 |a SNKBUCL 
040 |a SNKBUCL  |b slo  |c SNKBUCL  |e AACR2 
041 0 |a slo 
044 |a xo  |c SK 
080 |a 639.1.09:616.995.121  |2 1997 
080 |a 616.995.121  |2 1997 
080 |a 616.993  |2 1997 
080 |a 576.89  |2 1997 
080 |a 636.09:616.995.121  |2 1997 
100 1 |a Rajský, Dušan,  |d 1950-  |4 aut  |9 106685 
245 1 0 |a Echinokokóza ohrozuje aj človeka  |c D. Rajský, J. Sokol 
300 |b Fotogr. 
650 0 7 |a zoonózy  |2 snkbucl  |9 16303 
650 0 7 |a echinokokóza  |2 snkbucl  |9 16372 
650 0 7 |a Echinococcus multilocularis  |2 snkbucl  |9 19989 
650 0 7 |a Echinococcus granulosus  |2 snkbucl  |9 16308 
700 1 |a Sokol, J.  |4 aut  |9 273853 
773 0 |t Naše poľovníctvo  |g Roč. II, č. 7 (2005), s. 18  |x 1336-5568 
852 |a SNK  |b KIS3GCP 
958 |a ME 
999 |c 2268950  |d 2270880